00567nam a2200193 a 45000010005000000030009000050080041000140400028000550820017000832450071001002600061001713000010002326500022002426500025002646500025002896500020003146500020003346500019003549613CO-ViMGA141112s2004 ck r 000 u spa d aCO-ViMGAbspacCO-ViMGA04a348.023 N96210aCodigo sustantivo del trabajo : bley 50 de 1990 , ley 244 de 1995 aSantafé de Bogotá : bEditorial Unión Ltda, c1996 a526p.14aCODIGO DE TRABAJO14aDECRETO 2663 DE 195014aDECRETO 3743 DE 195014aLEY 141 DE 196114aLEY 244 DE 199514aLEY 50 DE 1990